AH International Schools' Libraries

Little Red Riding Hood / (Record no. 48739)

MARC details
000 -LEADER
fixed length control field 00339nam a2200109 4500
020 ## - INTERNATIONAL STANDARD BOOK NUMBER
International Standard Book Number 9781787005907
100 ## - MAIN ENTRY--PERSONAL NAME
Personal name Lambert, Nat,
Relator term author.
9 (RLIN) 83287
245 ## - TITLE STATEMENT
Title Little Red Riding Hood /
Statement of responsibility, etc written by Nat Lambert, Illustrated by Rosie Butcher.
260 ## - PUBLICATION, DISTRIBUTION, ETC. (IMPRINT)
Place of publication, distribution, etc UK. :
Name of publisher, distributor, etc Top That Publishing ;
Date of publication, distribution, etc 2018.
650 ## - SUBJECT ADDED ENTRY--TOPICAL TERM
9 (RLIN) 48904
Topical term or geographic name as entry element fairy tale
942 ## - ADDED ENTRY ELEMENTS (KOHA)
Source of classification or shelving scheme
Koha item type Book
Holdings
Withdrawn status Lost status Source of classification or shelving scheme Damaged status Not for loan Home library Current library Date acquired Total Checkouts Full call number Barcode Date last seen Date checked out Price effective from Koha item type
          Logos International School Logos International School 11/19/2025 2 J 398.2 LIT LAM 041981 04/06/2026 01/15/2026 11/19/2025 Book

For any Logos Library related questions please contact Miss Art at swongnarasuk@asianhope.org.

For any Asian Hope Library related questions please contact Miss Raza at graza@asianhope.org.

Powered by Koha